LIBRARY & INFORMATION CENTRE, KCAET, TAVANUR

ONLINE PUBLIC ACCESS CATALOGUE (OPAC)

Methods for determination of maximum travel speed of agricultural wheeled tractors, IS10274-1982 / (Record no. 7964)

MARC details
000 -LEADER
fixed length control field 00707cam a2200145ua 4500
041 ## - LANGUAGE CODE
Language code of text/sound track or separate title eng
082 ## - DEWEY DECIMAL CLASSIFICATION NUMBER
Classification number 631.372
Item number IND/ME
245 ## - TITLE STATEMENT
Title Methods for determination of maximum travel speed of agricultural wheeled tractors, IS10274-1982 /
260 ## - PUBLICATION, DISTRIBUTION, ETC. (IMPRINT)
Place of publication New Delhi :
Name of publisher Indian Standards Institution ,
Year of publication 1982.
300 ## - PHYSICAL DESCRIPTION
Number of Pages 4 ; .
942 ## - ADDED ENTRY ELEMENTS (KOHA)
Koha item type Books
Holdings
Withdrawn status Lost status Damaged status Home library Current library Date acquired Full call number Accession Number Koha item type
      KAUAET KAUAET 03/03/1990 631.372 16587 Standards
free website counter